| 000 | 00439 a2200157 4500 | ||
|---|---|---|---|
| 999 |
_c9396 _d9396 |
||
| 020 | _a9780409120530 | ||
| 050 | _aKF8700STE2014 | ||
| 100 |
_aSteyn Advocate D J _eauthor |
||
| 245 |
_aQuestioning:The undefended accused: _bPractical examples for magistrates / |
||
| 250 | _a2nd ed. Volume 1A | ||
| 264 |
_aCape Town; _bLexisNexis, _c2014 |
||
| 300 | _a579p.: | ||
| 500 | _aincludes index | ||
| 650 | _alaw | ||
| 942 |
_2lcc _cBK _h8700 _iSTE _kKF |
||